|
|
|
|
| LEADER |
00000cam a2200000 4500 |
| 001 |
vtls012001653 |
| 003 |
SK-MaSNL |
| 005 |
20260512040431.0 |
| 008 |
201104s2020 xr ac grin 000 0 cze |
| 020 |
|
|
|a 9788024646886
|q (Karolinum ;
|q brožované)
|
| 020 |
|
|
|a 9788076580053
|q (Ústav pro českou literaturu AV ČR, v.v.i. ;
|q brožované)
|
| 040 |
|
|
|a SNK
|b slo
|c SNK
|e rda
|
| 041 |
0 |
|
|a cze
|b eng
|
| 044 |
|
|
|a xr
|c CZ
|
| 072 |
|
7 |
|a 82.0
|x Literatúra (teória)
|2 konspekt
|
| 080 |
|
|
|a 82.0
|2 2011
|
| 080 |
|
|
|a 82
|2 2011
|
| 080 |
|
|
|a 659.3
|2 2011
|
| 080 |
|
|
|a 316.774:004.9
|2 2011
|
| 080 |
|
|
|a 82.0:159.93
|2 2011
|
| 080 |
|
|
|a (048.8)
|2 2011
|
| 080 |
|
|
|a (082)
|2 2011
|
| 100 |
1 |
|
|a Müller, Richard,
|d 1977-
|4 aut
|9 205570
|
| 245 |
1 |
0 |
|a Za obrysy média
|b literatura a medialita
|c Richard Müller, Tomáš Chudý a kolektiv
|
| 246 |
3 |
|
|a Literatura a medialita
|
| 250 |
|
|
|a Vydání první
|
| 264 |
|
1 |
|a Praha
|b Ústav pro českou literaturu AV ČR
|b Karolinum
|c 2020
|
| 300 |
|
|
|a 665 strán
|b ilustrácie, portréty, schémy
|c 24 cm
|
| 336 |
|
|
|a text
|b txt
|2 rdacontent
|
| 337 |
|
|
|a bez média
|b n
|2 rdamedia
|
| 338 |
|
|
|a zväzok
|b nc
|2 rdacarrier
|
| 504 |
|
|
|a Obsahuje literatúru na strane [582]-639 ; bibliografické odkazy a register
|
| 546 |
|
|
|a Anglické resumé
|
| 650 |
0 |
7 |
|a literárna veda
|2 SNKPH
|9 1137
|
| 650 |
0 |
7 |
|a literatúra
|2 SNKPH
|9 1427
|
| 650 |
0 |
7 |
|a literatúra a internet
|2 SNKPH
|9 765444
|
| 650 |
0 |
7 |
|a masmédiá
|2 SNKPH
|9 1418
|
| 650 |
0 |
7 |
|a médiá
|2 SNKPH
|9 1424
|
| 650 |
0 |
7 |
|a digitálne médiá
|2 SNKPH
|9 205955
|
| 650 |
0 |
7 |
|a vnímanie literárneho diela
|2 SNKPH
|9 89461
|
| 650 |
0 |
7 |
|a Study of literature
|2 SNKPHeng
|9 266360
|
| 650 |
0 |
7 |
|a Literature
|2 SNKPHeng
|9 265137
|
| 650 |
0 |
7 |
|a Literature and Internet
|2 SNKPHeng
|9 765445
|
| 650 |
0 |
7 |
|a Mass media
|2 SNKPHeng
|9 90498
|
| 650 |
0 |
7 |
|a médiá
|2 SNKPHeng
|9 1424
|
| 650 |
0 |
7 |
|a Digital media
|2 SNKPHeng
|9 275899
|
| 650 |
0 |
7 |
|a Perception of literature
|2 SNKPHeng
|9 330980
|
| 655 |
|
7 |
|a štúdie
|2 SNKPH
|9 57033
|
| 655 |
|
7 |
|a zborníky
|2 SNKPH
|9 70165
|
| 655 |
|
7 |
|a Studies
|2 SNKPHeng
|9 265573
|
| 655 |
|
7 |
|a Papers of several authors
|2 SNKPHeng
|9 153738
|
| 700 |
1 |
|
|a Chudý, Tomáš,
|d 1976-
|4 aut
|9 765446
|
| 919 |
|
|
|a 978-80-246-4688-6
|
| 919 |
|
|
|a 978-80-7658-005-3
|
| 958 |
|
|
|a NB
|
| 999 |
|
|
|c 1211513
|d 1213443
|
| 952 |
|
|
|t snkMUL 82.0
|a SNKUST
|b SNKUST
|y PREZ
|7 0
|p 17A1466410
|o snkIC 147192
|i snk2021/14432
|8 4
|g 14.51
|0 0
|1 0
|4 0
|d 2021-07-13
|l 0
|r 2025-04-28 00:00:00
|w 2026-02-24
|